[Event "Hvar Arsenal blitz op 2nd"]
[Site "Hvar"]
[Date "2023.10.19"]
[Round "11"]
[White "Omerkic, Ahmed"]
[Black "Ramaj, Ergit"]
[Result "0-1"]
[WhiteElo "1942"]
[BlackElo "2024"]
[PlyCount "68"]
[EventDate "2023.10.19"]
[EventType "swiss (blitz)"]
[EventRounds "11"]
[EventCountry "CRO"]
[SourceTitle "Mega2024 Update 01"]
[Source "Chessbase"]
[SourceDate "2023.11.12"]
[SourceVersion "1"]
[SourceVersionDate "2023.11.12"]
[SourceQuality "1"]

1. d4 Nf6 2. c4 e6 3. Nf3 Bb4+ 4. Bd2 a5 5. g3 0-0 6. Bg2 d5 7. 0-0 Be7 8. Nc3 b6 9. cxd5 exd5 10. Ne5 Be6 11. Rc1 c5 12. e3 Na6 13. Qb3 Rc8 14. Rfd1 cxd4 15. exd4 Qd6 16. Nb5 Qb8 17. Rxc8 Rxc8 18. Bf4 Qb7 19. Nc4 Ne4 20. Bxe4 dxe4 21. Ncd6 Bxb3 22. Nxb7 Bxd1 23. Kg2 Bf3+ 24. Kh3 Rc2 25. Be3 Rxb2 26. a4 Nb4 27. Nc7 Ra2 28. d5 Rxa4 29. d6 Bd8 30. Nxd8 Nd3 31. Bxb6 Rb4 32. Nd5 Rb5 33. Ne7+ Kf8 34. Bd4 Rh5# 0-1

[Event "Hvar Arsenal blitz op 2nd"]
[Site "Hvar"]
[Date "2023.10.19"]
[Round "5"]
[White "Prvinic, Igor"]
[Black "Omerkic, Ahmed"]
[Result "0-1"]
[WhiteElo "1706"]
[BlackElo "1942"]
[PlyCount "80"]
[EventDate "2023.10.19"]
[EventType "swiss (blitz)"]
[EventRounds "11"]
[EventCountry "CRO"]
[SourceTitle "Mega2024 Update 01"]
[Source "Chessbase"]
[SourceDate "2023.11.12"]
[SourceVersion "1"]
[SourceVersionDate "2023.11.12"]
[SourceQuality "1"]

1. e4 g6 2. d4 Bg7 3. Nf3 d6 4. Bc4 c6 5. a3 b5 6. Ba2 Nd7 7. 0-0 e6 8. c3 Ne7 9. Be3 d5 10. Nbd2 0-0 11. Bb1 dxe4 12. Nxe4 Nf6 13. Nc5 Nfd5 14. Bd2 Nf5 15. Re1 Nd6 16. Bd3 Nb7 17. Ne4 h6 18. Qc1 Kh7 19. Qc2 f5 20. Ng3 Qf6 21. Ne5 Nd8 22. Re2 a5 23. Rae1 Ra7 24. Nxc6 Nxc6 25. Rxe6 Bxe6 26. Bxb5 Rc7 27. Qa4 Nce7 28. Qxa5 Rb8 29. c4 Nb6 30. d5 Bc8 31. Bc3 Qf7 32. Re6 Bxe6 33. dxe6 Qxe6 34. Bxg7 Kxg7 35. Qc3+ Kh7 36. c5 Nbd5 37. Qc4 Rxb5 38. Qxb5 Qe1+ 39. Nf1 Nf4 40. b4 Ne2+ 0-1

[Event "Hvar op"]
[Site "Hvar"]
[Date "2023.10.16"]
[Round "2"]
[White "Omerkic, Ahmed"]
[Black "Grgurevic, Boris"]
[Result "0-1"]
[WhiteElo "1895"]
[BlackElo "2085"]
[PlyCount "50"]
[EventDate "2023.10.15"]
[EventType "swiss"]
[EventRounds "9"]
[EventCountry "CRO"]
[SourceTitle "Mega2024 Update 01"]
[Source "Chessbase"]
[SourceDate "2023.11.12"]
[SourceVersion "1"]
[SourceVersionDate "2023.11.12"]
[SourceQuality "1"]

1. d4 g6 2. c4 Bg7 3. Nc3 d6 4. e4 Nc6 5. Be3 e5 6. Nge2 exd4 7. Nxd4 Nge7 8. Be2 0-0 9. h4 f5 10. Qd2 fxe4 11. Nxe4 Nf5 12. Nxf5 Bxf5 13. Ng3 Qf6 14. 0-0-0 a5 15. Nxf5 Qxf5 16. g4 Qe6 17. Kb1 Nb4 18. Rc1 b5 19. a3 Qe4+ 20. Ka1 bxc4 21. f3 Rxf3 22. Bxf3 Qxf3 23. Rhf1 Qe4 24. Rf4 Qd3 25. Rfxc4 Qxa3+ 0-1

[Event "Sarajevo Bosna op 51st"]
[Site "Sarajevo"]
[Date "2022.12.06"]
[Round "6"]
[White "Begic, Domagoj"]
[Black "Omerkic, Ahmed"]
[Result "0-1"]
[WhiteElo "1999"]
[BlackElo "1787"]
[PlyCount "63"]
[EventDate "2022.12.02"]
[EventType "swiss"]
[EventRounds "7"]
[EventCountry "BIH"]
[SourceTitle "CBM 211 Extra"]
[Source "ChessBase"]
[SourceDate "2023.01.31"]
[SourceVersion "1"]
[SourceVersionDate "2023.01.31"]
[SourceQuality "1"]

1. e4 d6 2. f4 Nf6 3. d3 g6 4. Nf3 Bg7 5. Be2 0-0 6. 0-0 c5 7. c3 Nc6 8. Na3 a6 9. Nc2 b5 10. Re1 Rb8 11. Bf1 Qb6 12. h3 Bb7 13. g4 Nd7 14. Bd2 Rbe8 15. Bg2 a5 16. Kh1 b4 17. Ne3 Ba6 18. Qc2 e6 19. Kh2 Qc7 20. Kg3 f5 21. exf5 gxf5 22. gxf5 d5 23. fxe6 Qxf4+ 24. Kf2 Nde5 25. Ng4 Nxg4+ 26. hxg4 Qxg4 27. Re3 Ne5 28. d4 cxd4 29. cxd4 Qxd4 30. Rh1 Bd3 31. Qc7 Rxe6 32. Bc1 0-1